Применение ячеек однородной структуры в задаче обнаружения шумовых гидроакустических сигналов на основе интегрального вейвлет-спектра; Известия Томского политехнического университета [Известия ТПУ]; Т. 322, № 5 : Управление, вычислительная техника и информатика
| Parent link: | Известия Томского политехнического университета [Известия ТПУ]/ Томский политехнический университет (ТПУ).— , 2000- Т. 322, № 5 : Управление, вычислительная техника и информатика.— 2013.— [С. 68-72] |
|---|---|
| Auteur principal: | |
| Résumé: | Заглавие с титульного листа Электронная версия печатной публикации Отмечено, что в задаче обнаружения шумовых гидроакустических сигналов на основе интегрального вейвлет-спектра значительное время занимает вычисление непрерывного вейвлет-преобразования, что приводит к запаздыванию обнаружения. Предложена модифицированная схема однородной вычислительной структуры для распараллеливания и ускорения вычисления. Представлены результаты компьютерного моделирования тестовой задачи обнаружения шумовых гидроакустических сигналов на основе интегрального вейвлет-спектра с помощью ячеек однородной структуры. |
| Langue: | russe |
| Publié: |
2013
|
| Collection: | Управление техническими системами |
| Sujets: | |
| Accès en ligne: | http://earchive.tpu.ru/bitstream/11683/4805/1/bulletin_tpu-2013-322-5-15.pdf |
| Format: | Électronique Chapitre de livre |
| KOHA link: | https://koha.lib.tpu.ru/cgi-bin/koha/opac-detail.pl?biblionumber=240429 |
MARC
| LEADER | 00000nla2a2200000 4500 | ||
|---|---|---|---|
| 001 | 240429 | ||
| 005 | 20231215161401.0 | ||
| 035 | |a (RuTPU)RU\TPU\book\261685 | ||
| 035 | |a RU\TPU\book\261684 | ||
| 090 | |a 240429 | ||
| 100 | |a 20130621d2013 k y0rusy50 ca | ||
| 101 | 0 | |a rus | |
| 102 | |a RU | ||
| 135 | |a drnn ---uucaa | ||
| 181 | 0 | |a i | |
| 182 | 0 | |a b | |
| 200 | 1 | |a Применение ячеек однородной структуры в задаче обнаружения шумовых гидроакустических сигналов на основе интегрального вейвлет-спектра |f А. А. Хамухин | |
| 203 | |a Текст |c электронный | ||
| 215 | |a 1 файл (416 Кб) | ||
| 225 | 1 | |a Управление техническими системами | |
| 300 | |a Заглавие с титульного листа | ||
| 300 | |a Электронная версия печатной публикации | ||
| 320 | |a [Библиогр.: с. 71-72 (12 назв.)] | ||
| 330 | |a Отмечено, что в задаче обнаружения шумовых гидроакустических сигналов на основе интегрального вейвлет-спектра значительное время занимает вычисление непрерывного вейвлет-преобразования, что приводит к запаздыванию обнаружения. Предложена модифицированная схема однородной вычислительной структуры для распараллеливания и ускорения вычисления. Представлены результаты компьютерного моделирования тестовой задачи обнаружения шумовых гидроакустических сигналов на основе интегрального вейвлет-спектра с помощью ячеек однородной структуры. | ||
| 337 | |a Adobe Reader | ||
| 461 | 1 | |0 (RuTPU)RU\TPU\book\176237 |t Известия Томского политехнического университета [Известия ТПУ] |f Томский политехнический университет (ТПУ) |d 2000- | |
| 463 | 1 | |0 (RuTPU)RU\TPU\book\261554 |x 1684-8519 |t Т. 322, № 5 : Управление, вычислительная техника и информатика |v [С. 68-72] |d 2013 |p 227 с. | |
| 610 | 1 | |a вычислительные ячейки | |
| 610 | 1 | |a вычислительные структуры | |
| 610 | 1 | |a параллельные вычисления | |
| 610 | 1 | |a шумовые гидроакустические сигналы | |
| 610 | 1 | |a вейвлет-спектр | |
| 610 | 1 | |a вейвлет-преобразования | |
| 610 | 1 | |a труды учёных ТПУ | |
| 610 | 1 | |a электронный ресурс | |
| 700 | 1 | |a Хамухин |b А. А. |c специалист в области информатики и вычислительной техники |c доцент Томского политехнического университета, кандидат технических наук |f 1954- |g Александр Анатольевич |3 (RuTPU)RU\TPU\pers\24263 |9 10734 | |
| 801 | 1 | |a RU |b 63413507 |c 20090623 |g PSBO | |
| 801 | 2 | |a RU |b 63413507 |c 20220204 |g PSBO | |
| 856 | 4 | |u http://earchive.tpu.ru/bitstream/11683/4805/1/bulletin_tpu-2013-322-5-15.pdf | |
| 942 | |c CF | ||